| 000 | 00653nam a22002057a 4500 | ||
|---|---|---|---|
| 005 | 20231204113905.0 | ||
| 010 | _aENG-138557 | ||
| 020 |
_a9788178246642 _c795.00 |
||
| 035 | _aEN-122089 | ||
| 037 | _bDBAD/PUB | ||
| 082 |
_a305.5122 _21 |
||
| 100 |
_aSayeed, Syed _959394 |
||
| 245 |
_aUndersatanding B.R Ambedkar's Annihilation of Caste/ _cBy Syed Sayeed |
||
| 250 | _a1 | ||
| 260 |
_aRanikhet _bPermanent Black _c2023 |
||
| 270 |
_aHimalayana, Mall Road _bRanikhet _e263645 _mperblack@gmail.com |
||
| 300 |
_a229p. _bill. _c21cm(pbk) |
||
| 700 |
_aMukerjee. Rudrangshu _938953 _eGeneral Editor |
||
| 942 |
_2ddc _cEN _h305.5122 _mSAY |
||
| 999 |
_c199423 _d199423 |
||